000 00779 a2200229 4500
005 20180906132738.0
008 080912t xxu||||| |||| 00| 0 hin d
010 _aHIN-45891
020 _c175.00
035 _aHN-27249, RC-137300, A-272692
037 _bD.B.Act / pub
082 _a
100 _aजयशंकर प्रसाद
245 _aकंकाल /
_cजयशंकर प्रसाद
246 _aKankal
_bby Jaishankar Prasad
260 _aदिल्ली
_bसन्मार्ग प्रकाशन
_c1999
270 _bदिल्ली
300 _a178 पृ
_c20सेमी
650 _aहिन्दी उपन्यास
650 _aHindi Novel
942 _adpl
_cHN
_k क/ जयशं
_2ddc
_h
_mजयशं
999 _c7065
_d7065